Statistiques concernant Paroles - Générique Wakfu

Cliquez ici pour prendre le quiz!

Statistiques générales

  • Ce quiz a été pris 903 fois
  • Le résultat moyen est 42 sur 55

Statistiques - réponses

Paroles% Correct
L'
99%
L'
99%
L'
99%
L'
99%
la
98%
la
98%
la
98%
la
98%
La
98%
le
98%
et
97%
et
97%
Et
97%
terre
97%
feu
95%
s'
95%
eau
92%
poussière
91%
toi
89%
légende
83%
aventure
81%
aventure
81%
se
81%
lumière
80%
lumière
80%
est
76%
Vois
75%
avenir
74%
Héros
73%
malgré
73%
notre
72%
ton
72%
ton
72%
ton
72%
Sois
69%
écrire
68%
histoire
68%
construire
65%
futur
64%
tes
64%
entre
63%
les
63%
destin
62%
mains
62%
chemin
60%
magie
57%
éclairs
54%
Ta
54%
regarde
53%
suivre
52%
vivre
51%
Parler
44%
Fais
38%
Pars
37%
guider
30%

Distribution des résultats

Percentile par nombre de réponses

% des personnes avec chaque résultat

Votre développement - résultats

Vous n’avez pas pris ce quiz